| 000 | 00810cam a2200301 4500 | ||
|---|---|---|---|
| 001 | J90520 | ||
| 008 | 090401t1998 xxu||||| |||| 00| 0 eng d | ||
| 035 | _a(Sirsi) u84983 | ||
| 041 | _aeng | ||
| 050 | _a332.6324 | ||
| 110 |
_aHillier Parker _92054 |
||
| 245 | _aAverage yields. - February 1998 - November 1998 | ||
| 260 |
_aLondon _bHillier Parker _c1998 |
||
| 300 | _a4 pt. ; 30cm. | ||
| 350 | _a15 | ||
| 650 | _aAVERAGE YIELDS | ||
| 650 | _aEQUITIES | ||
| 650 | _aGILTS | ||
| 650 | _aINDUSTRIAL PROPERTY | ||
| 650 | _aOFFICES | ||
| 650 | _aPROPERTY INVESTMENT | ||
| 650 | _aPROPERTY MARKET INDICATORS | ||
| 650 | _aSHOPS | ||
| 690 | _aPROPERTY-COMMERCIAL PROPERTY-COMMERCIAL PROPERTY FINANCE AND INVESTMENT | ||
| 710 |
_aCB Hillier Parker _93660 |
||
| 942 | _n0 | ||
| 948 | _c17/03/1998 | ||
| 999 |
_c96997 _d96997 |
||